000 00974nam a22003017i 4500
003 EG-GICUC
005 20260205190301.0
008 260205s1929 fr ||||fr|||| 000 0 fre d
040 _aEG-GiCUC
_bfre
_cEG-GiCUC
_dEG-GiCUC
_eRda
082 0 4 _221
_a341.81
_bRI . U
092 0 4 _221
099 _aLaw1 12 341.81 RI . U 1929
100 1 _aRicaume, Fernand
_eAuteur
245 1 3 _aD'une Double Qualification Nationale Des Sociétés /
_b
_cFernand Ricaume.
_n
264 1 _aparis :
_bÉditions Et Publications Contemporaines-pierre Bossuet,
_c1929.
300 _a132page :
_billustration ;
_c 24 cm.
336 _2rda contenu
_a texte
337 _2rda medias
_aOrdinateur
338 _2 transporteur rda
_a Ressource en ligne
500 _a
504 _a
546 _aTexte en français
650 1 4 _aDroit international privé
_2
651 1 _2
856 4 0 _uhttps://fll.law.cu.edu.eg/fulltext/bks/B12-02313.pdf
905 _a50
942 _2ddc
_cBK
_e21
_n0
999 _c61389
_d61389